Giai thoại tiếu lâm Việt Nam

Đã lưu trong:
Sonraí Bibleagrafaíochta
Príomhúdar: Phan, Long
Formáid: Leabhar
Teanga:Undetermined
Foilsithe: Hà Nội Văn học 2001
Ábhair:
Clibeanna: Cuir Clib Leis
Gan Chlibeanna, Bí ar an gcéad duine leis an taifead seo a chlibeáil!
Thư viện lưu trữ: Trung tâm Học liệu Trường Đại học Cần Thơ
LEADER 00552nam a2200205Ia 4500
001 CTU_56699
008 210402s9999 xx 000 0 und d
020 |b 14000 
082 |a 398.209597 
082 |b L431 
100 |a Phan, Long 
245 0 |a Giai thoại tiếu lâm Việt Nam 
245 0 |c Phan Long 
260 |a Hà Nội 
260 |b Văn học 
260 |c 2001 
650 |a Folk literature,Satire and humor 
650 |x Vietnamese 
904 |i T.Trang (sửa) 
980 |a Trung tâm Học liệu Trường Đại học Cần Thơ